Statistiques concernant Pays d'origine des touristes aux Philippines

Cliquez ici pour prendre le quiz!

Statistiques générales

  • Ce quiz a été pris 82 fois
  • Le résultat moyen est 17 sur 20

Statistiques - réponses

Nombre de touristesPays% Correct
1 034 396Etats-Unis
99%
74 389France
99%
1 255 258Chine
97%
631 801Japon
96%
44 130Espagne
94%
92 090Allemagne
91%
279 821Australie
90%
226 429Canada
90%
1 587 959Corée du Sud
90%
76 651Indonésie
90%
35 178Italie
89%
201 039Royaume Uni
89%
121 124Inde
86%
52 328Vietnam
84%
59 793Thaïlande
81%
145 242Malaisie
79%
240 842Taïwan
79%
171 795Singapour
69%
37 047Pays-Bas
60%
46 966Arabie saoudite
54%

Distribution des résultats

Percentile par nombre de réponses

% des personnes avec chaque résultat

Votre développement - résultats

Vous n’avez pas pris ce quiz